[Event "American Continental Blitz 19th"]
[Site "Foz do Iguacu"]
[Date "2025.05.30"]
[Round "8"]
[White "Dauer, Andre Leonardo"]
[Black "Hungaski, Robert Andrew"]
[Result "0-1"]
[WhiteElo "2138"]
[BlackElo "2477"]
[PlyCount "67"]
[EventDate "2025.05.30"]
[EventType "swiss (blitz)"]
[EventRounds "9"]
[EventCountry "BRA"]
[SourceTitle "CB23_2025"]
[SourceDate "2025.06.04"]
[SourceVersion "1"]
[SourceVersionDate "2025.06.04"]
[SourceQuality "1"]

1. e4 e6 2. b3 d5 3. Bb2 Nf6 4. e5 Ng8 5. f4 b6 6. Nf3 Ne7 7. Nc3 Qd7 8. Bd3 Ba6 9. Bxa6 Nxa6 10. 0-0 h5 11. Ne2 Nf5 12. Kh1 c5 13. Ng3 Nxg3+ 14. hxg3 g6 15. Qe2 Nb4 16. d3 d4 17. a4 Be7 18. a5 b5 19. Nd2 Nd5 20. Rf3 a6 21. Ne4 Rc8 22. c4 dxc3 23. Nxc3 Nxc3 24. Bxc3 Qd5 25. Qc2 h4 26. gxh4 Rxh4+ 27. Kg1 Kd7 28. Rd1 Rch8 29. Kf2 Rh1 30. Rxh1 Rxh1 31. Rh3 Bh4+ 32. Rxh4 Rxh4 33. Be1 Rxf4+ 34. Ke3 0-1

[Event "American Continental Blitz 19th"]
[Site "Foz do Iguacu"]
[Date "2025.05.30"]
[Round "7"]
[White "Hungaski, Robert Andrew"]
[Black "Sanhueza, Cristian"]
[Result "1-0"]
[WhiteElo "2477"]
[BlackElo "2182"]
[PlyCount "20"]
[EventDate "2025.05.30"]
[EventType "swiss (blitz)"]
[EventRounds "9"]
[EventCountry "BRA"]
[SourceTitle "CB23_2025"]
[SourceDate "2025.06.04"]
[SourceVersion "1"]
[SourceVersionDate "2025.06.04"]
[SourceQuality "1"]

1. c4 Nf6 2. Nc3 g6 3. e4 d6 4. d4 Bg7 5. f4 0-0 6. Bd3 c5 7. d5 e6 8. dxe6 Bxe6 9. f5 Bd7 10. Nf3 Nc6 1-0

[Event "American Continental 19th"]
[Site "Foz do Iguacu"]
[Date "2025.05.28"]
[Round "8"]
[White "Hungaski, Robert Andrew"]
[Black "Valdes Escobar, Alvaro Daniel"]
[Result "1-0"]
[WhiteElo "2477"]
[BlackElo "2317"]
[PlyCount "83"]
[EventDate "2025.05.23"]
[EventType "swiss"]
[EventRounds "11"]
[EventCountry "BRA"]
[SourceTitle "CB23_2025"]
[SourceDate "2025.06.04"]
[SourceVersion "1"]
[SourceVersionDate "2025.06.04"]
[SourceQuality "1"]

1. c4 e6 2. Nc3 d5 3. d4 Nf6 4. Bg5 Bb4 5. cxd5 exd5 6. Qa4+ Nc6 7. e3 h6 8. Bxf6 Qxf6 9. Bb5 Bd7 10. Nge2 0-0 11. 0-0 Qd6 12. Rfc1 a6 13. Bxc6 Bxc6 14. Qb3 Rfd8 15. Nf4 Ba5 16. a4 Rab8 17. Nce2 Bb6 18. a5 Ba7 19. Ng3 g6 20. Qc3 Rbc8 21. Nd3 Bb5 22. Nc5 Bxc5 23. Qxc5 Qxc5 24. Rxc5 b6 25. Rc3 c5 26. Rac1 Rb8 27. dxc5 bxc5 28. Rxc5 d4 29. e4 d3 30. Rd1 Ba4 31. Rd2 Bc2 32. f4 Rxb2 33. Kf2 Rdb8 34. e5 R2b5 35. Ne4 Kg7 36. Ke3 Rb1 37. Nd6 Re1+ 38. Kf2 Rbb1 39. Rc8 Rf1+ 40. Kg3 g5 41. f5 Rbe1 42. Ne8+ 1-0

[Event "American Continental 19th"]
[Site "Foz do Iguacu"]
[Date "2025.05.27"]
[Round "7"]
[White "Oparin, Grigoriy"]
[Black "Hungaski, Robert Andrew"]
[Result "1-0"]
[WhiteElo "2660"]
[BlackElo "2477"]
[PlyCount "108"]
[EventDate "2025.05.23"]
[EventType "swiss"]
[EventRounds "11"]
[EventCountry "BRA"]
[SourceTitle "CB23_2025"]
[SourceDate "2025.06.04"]
[SourceVersion "1"]
[SourceVersionDate "2025.06.04"]
[SourceQuality "1"]

1. e4 e5 2. Nf3 Nc6 3. Bc4 Nf6 4. d3 Be7 5. Nc3 0-0 6. a4 d6 7. a5 Bg4 8. a6 b6 9. h3 Bxf3 10. Qxf3 Nd4 11. Qd1 c6 12. 0-0 Qd7 13. Ba2 Ne6 14. Be3 d5 15. exd5 Nxd5 16. Nxd5 cxd5 17. d4 exd4 18. Bxd4 Nxd4 19. Qxd4 Bf6 20. Qb4 d4 21. Bc4 Rac8 22. Rfe1 Rc5 23. Re4 Re8 24. Rae1 Rxe4 25. Rxe4 Re5 26. Rxe5 Bxe5 27. Qb3 g6 28. h4 Kg7 29. g3 h5 30. Qd3 Qe7 31. b3 Qf6 32. Qe4 Bd6 33. Kg2 Bc5 34. f4 Qe7 35. Qd5 b5 36. Bxb5 Bb6 37. Bc4 Qf6 38. b4 Kf8 39. b5 Kg7 40. Kf3 Qe7 41. Qe5+ Qxe5 42. fxe5 Kf8 43. Ke4 Ke7 44. Kd5 f6 45. e6 Bc7 46. Kxd4 Kd6 47. Ke4 Bd8 48. Kf4 Ke7 49. Ke4 Kd6 50. Bd5 Kc5 51. Bc6 Kd6 52. Be8 f5+ 53. Kf4 g5+ 54. Kxf5 g4 1-0

[Event "Titled Tuesday intern op 20th May Late"]
[Site "Chess.com INT"]
[Date "2025.05.20"]
[Round "3"]
[White "Logozar, Elijah"]
[Black "Hungaski, Robert Andrew"]
[Result "1-0"]
[WhiteElo "1945"]
[BlackElo "2477"]
[PlyCount "75"]
[EventDate "2025.05.20"]
[EventType "swiss (blitz)"]
[EventRounds "11"]
[EventCountry "USA"]
[SourceTitle "CB22_2025"]
[SourceDate "2025.05.28"]
[SourceVersion "1"]
[SourceVersionDate "2025.05.28"]
[SourceQuality "1"]

1. e4 e6 2. d4 d5 3. Nc3 Bb4 4. e5 c5 5. a3 Bxc3+ 6. bxc3 Nc6 7. Qg4 g6 8. Nf3 Qa5 9. Bd2 c4 10. h4 h6 11. Be2 Bd7 12. 0-0 0-0-0 13. Rfb1 Kb8 14. a4 Rf8 15. Rb5 Qd8 16. Rab1 Bc8 17. Bc1 Ka8 18. Ba3 Nge7 19. a5 a6 20. Rb6 Rh7 21. Qf4 Rg8 22. Qc1 g5 23. h5 g4 24. Nh2 g3 25. fxg3 Na7 26. Ng4 Rxg4 27. Bxg4 Nec6 28. Bd6 Nxa5 29. Rxa6 N5c6 30. Ra4 f5 31. Bf3 Qg5 32. Qa3 b5 33. Rxb5 Qxg3 34. Rb1 Rg7 35. Rxa7+ Rxa7 36. Qc5 Bb7 37. Qxc6 Ra1 38. Qxb7# 1-0

[Event "Titled Tuesday intern op 20th May Late"]
[Site "Chess.com INT"]
[Date "2025.05.20"]
[Round "6"]
[White "Ristic, Nebojsa M"]
[Black "Hungaski, Robert Andrew"]
[Result "1/2-1/2"]
[WhiteElo "2248"]
[BlackElo "2477"]
[PlyCount "174"]
[EventDate "2025.05.20"]
[EventType "swiss (blitz)"]
[EventRounds "11"]
[EventCountry "USA"]
[SourceTitle "CB22_2025"]
[SourceDate "2025.05.28"]
[SourceVersion "1"]
[SourceVersionDate "2025.05.28"]
[SourceQuality "1"]

1. d4 e6 2. Bf4 f5 3. e3 Nf6 4. Nc3 Be7 5. Nf3 0-0 6. h3 d5 7. Ne5 c5 8. dxc5 Bxc5 9. Bd3 Nc6 10. a3 Nxe5 11. Bxe5 Bd6 12. Bxd6 Qxd6 13. 0-0 e5 14. Bb5 Be6 15. Ba4 Rad8 16. Bb3 Kh8 17. Qd2 d4 18. exd4 Bxb3 19. cxb3 exd4 20. Rad1 Ne4 21. Nxe4 fxe4 22. Rfe1 Rfe8 23. Qa5 a6 24. Qf5 Re5 25. Qg4 Qd5 26. b4 h6 27. Rc1 Kh7 28. Rc5 Qe6 29. Rxe5 Qxe5 30. Qxe4+ Qxe4 31. Rxe4 d3 32. Re1 Rc8 33. Rd1 Rc2 34. Rxd3 Rxb2 35. Rd7 Ra2 36. Rxb7 Rxa3 37. b5 axb5 38. Rxb5 Ra2 39. g4 Ra4 40. Kg2 g5 41. Kg3 Ra3+ 42. f3 Kg6 43. Rb6+ Kg7 44. h4 gxh4+ 45. Kf4 Ra4+ 46. Kf5 Ra5+ 47. Ke4 h3 48. Rb2 Ra4+ 49. Kf5 Ra5+ 50. Kf4 Ra1 51. Rh2 Kg6 52. Rxh3 Ra4+ 53. Kg3 Rb4 54. Rh1 Rb6 55. Rc1 Ra6 56. Rc5 Rb6 57. Kh4 Rf6 58. Kg3 Ra6 59. Rd5 Rb6 60. Rc5 Ra6 61. Kh3 Rf6 62. Kg3 Rb6 63. Re5 Ra6 64. f4 Ra3+ 65. Kh4 Ra1 66. Re6+ Kg7 67. f5 Rh1+ 68. Kg3 Rg1+ 69. Kf4 Rf1+ 70. Kg3 Rg1+ 71. Kf3 Rf1+ 72. Kg2 Rf4 73. Kg3 Rf1 74. Rg6+ Kh7 75. Ra6 Kg7 76. Ra7+ Kg8 77. Kh4 Rh1+ 78. Kg3 Rf1 79. Rb7 Kh8 80. Kg2 Rf4 81. Kg3 Rf1 82. Rb6 Kg7 83. Kg2 Rf4 84. Rg6+ Kh7 85. Kg3 Rf1 86. Ra6 Kg7 87. Ra7+ Kg8 1/2-1/2

[Event "Titled Tuesday intern op 04th Mar Early"]
[Site "Chess.com INT"]
[Date "2025.03.04"]
[Round "1"]
[White "Jimenez Fernandez, Rebeca"]
[Black "Hungaski, Robert Andrew"]
[Result "0-1"]
[WhiteElo "2167"]
[BlackElo "2477"]
[PlyCount "60"]
[EventDate "2025.03.04"]
[EventType "swiss (blitz)"]
[EventRounds "11"]
[EventCountry "USA"]
[SourceTitle "CB11_2025"]
[SourceDate "2025.03.12"]
[SourceVersion "1"]
[SourceVersionDate "2025.03.12"]
[SourceQuality "1"]

1. e4 c5 2. Nc3 Nc6 3. g3 g6 4. Bg2 Bg7 5. d3 d6 6. Be3 Rb8 7. Qd2 b5 8. Nge2 b4 9. Nd1 a5 10. 0-0 Ba6 11. f4 Qc7 12. f5 Nd4 13. Nf4 Nf6 14. c3 Nc6 15. h3 Ne5 16. Nf2 gxf5 17. exf5 Bb7 18. Ne4 c4 19. Nxf6+ Bxf6 20. d4 Bxg2 21. Qxg2 Nd3 22. Nd5 Qb7 23. Nxf6+ exf6 24. Qe2 Qe4 25. Rf4 Nxf4 26. gxf4 d5 27. Re1 Kd7 28. Qf1 Rhg8+ 29. Kh2 Rbe8 30. Bf2 Qxf4+ 0-1

[Event "Titled Tuesday intern op 04th Mar Early"]
[Site "Chess.com INT"]
[Date "2025.03.04"]
[Round "4"]
[White "Rasulov, Vugar Ural Oglu"]
[Black "Hungaski, Robert Andrew"]
[Result "1-0"]
[WhiteElo "2505"]
[BlackElo "2477"]
[PlyCount "51"]
[EventDate "2025.03.04"]
[EventType "swiss (blitz)"]
[EventRounds "11"]
[EventCountry "USA"]
[SourceTitle "CB11_2025"]
[SourceDate "2025.03.12"]
[SourceVersion "1"]
[SourceVersionDate "2025.03.12"]
[SourceQuality "1"]

1. g3 g6 2. Bg2 Bg7 3. e4 c5 4. Ne2 Nc6 5. 0-0 Rb8 6. c3 b6 7. d4 Ba6 8. Be3 cxd4 9. cxd4 Bxe2 10. Qxe2 Nxd4 11. Qd2 Ne6 12. Nc3 Nf6 13. Rad1 0-0 14. h3 d6 15. f4 Nc5 16. Qf2 Qc7 17. e5 dxe5 18. Nb5 Qc8 19. Nxa7 Qe6 20. f5 Qxa2 21. Nc6 Rbe8 22. g4 Nfe4 23. Qc2 gxf5 24. gxf5 Nf6 25. Bxc5 bxc5 26. Ra1 1-0

[Event "Titled Tuesday intern op 25th Feb Early"]
[Site "Chess.com INT"]
[Date "2025.02.25"]
[Round "6"]
[White "Hungaski, Robert Andrew"]
[Black "Andrade Truyol, Geiner Jose"]
[Result "1-0"]
[WhiteElo "2477"]
[BlackElo "1972"]
[PlyCount "89"]
[EventDate "2025.02.25"]
[EventType "swiss (blitz)"]
[EventRounds "11"]
[EventCountry "USA"]
[SourceTitle "CB10_2025"]
[SourceDate "2025.03.05"]
[SourceVersion "1"]
[SourceVersionDate "2025.03.05"]
[SourceQuality "1"]

1. h3 a6 2. e3 e6 3. c4 Nf6 4. Nf3 d5 5. b3 Be7 6. Bb2 0-0 7. Be2 Nbd7 8. 0-0 b6 9. Nc3 Bb7 10. d4 Rc8 11. Rc1 c5 12. Bd3 dxc4 13. bxc4 cxd4 14. exd4 Qc7 15. Qe2 Qf4 16. Qe3 Nh5 17. Ne2 Qxe3 18. fxe3 Rc7 19. a4 Rfc8 20. Rb1 Bc6 21. Ra1 a5 22. Nc3 Ng3 23. Rf2 h6 24. Nb5 Bxb5 25. axb5 Nf6 26. Ne5 Nge4 27. Rc2 Bd6 28. Nc6 Kf8 29. g4 Ke8 30. Kg2 Rd7 31. Rf1 Rdc7 32. Ra1 Ra8 33. Ra4 g5 34. Bc1 Kd7 35. Kf3 Kc8 36. Bxe4 Nxe4 37. Kxe4 Kb7 38. c5 Rf8 39. cxd6 f5+ 40. Ke5 Rd7 41. Kxe6 Rdf7 42. d7 Rf6+ 43. Ke5 fxg4 44. d8Q Rxd8 45. Nxd8+ 1-0

[Event "Titled Tuesday intern op 25th Feb Early"]
[Site "Chess.com INT"]
[Date "2025.02.25"]
[Round "4"]
[White "Hungaski, Robert Andrew"]
[Black "Gusev, Mikhail"]
[Result "1-0"]
[WhiteElo "2477"]
[BlackElo "2273"]
[PlyCount "61"]
[EventDate "2025.02.25"]
[EventType "swiss (blitz)"]
[EventRounds "11"]
[EventCountry "USA"]
[SourceTitle "CB10_2025"]
[SourceDate "2025.03.05"]
[SourceVersion "1"]
[SourceVersionDate "2025.03.05"]
[SourceQuality "1"]

1. h3 c5 2. e3 Nc6 3. Nf3 Nf6 4. Bb5 g6 5. c4 Qc7 6. Nc3 Bg7 7. b3 0-0 8. Bxc6 dxc6 9. Bb2 a6 10. d3 b5 11. Qc2 Bf5 12. e4 Be6 13. Ne2 Rfd8 14. Be5 Qa5+ 15. Bc3 Qb6 16. 0-0 a5 17. Nf4 Bd7 18. Rab1 b4 19. Ba1 a4 20. Be5 Ne8 21. Bxg7 Nxg7 22. Ne5 Qc7 23. Qb2 a3 24. Qa1 f6 25. Nxd7 Rxd7 26. g3 e5 27. Ng2 Rxd3 28. Rbd1 Rad8 29. Ne3 Qd6 30. Rxd3 Qxd3 31. Rd1 1-0

[Event "Titled Tuesday intern op 25th Feb Early"]
[Site "Chess.com INT"]
[Date "2025.02.25"]
[Round "5"]
[White "Ocampos, Ian Guido"]
[Black "Hungaski, Robert Andrew"]
[Result "0-1"]
[WhiteElo "2219"]
[BlackElo "2477"]
[PlyCount "38"]
[EventDate "2025.02.25"]
[EventType "swiss (blitz)"]
[EventRounds "11"]
[EventCountry "USA"]
[SourceTitle "CB10_2025"]
[SourceDate "2025.03.05"]
[SourceVersion "1"]
[SourceVersionDate "2025.03.05"]
[SourceQuality "1"]

1. e4 g6 2. d4 Nf6 3. e5 Nh5 4. f4 d6 5. Be2 c5 6. Bxh5 gxh5 7. Qxh5 Rg8 8. Nf3 Bg4 9. Qxh7 Rg7 10. Qh8 Bxf3 11. gxf3 cxd4 12. f5 Qa5+ 13. Kf2 Qxe5 14. Qh4 Qxf5 15. Na3 Nc6 16. Qe4 Qh3 17. f4 Qh4+ 18. Ke2 e6 19. Nb5 Qh5+ 0-1

[Event "Titled Tuesday intern op 11th Feb Early"]
[Site "Chess.com INT"]
[Date "2025.02.11"]
[Round "6"]
[White "Gharibyan, Mamikon"]
[Black "Hungaski, Robert Andrew"]
[Result "1-0"]
[WhiteElo "2473"]
[BlackElo "2477"]
[PlyCount "63"]
[EventDate "2025.02.11"]
[EventType "swiss (blitz)"]
[EventRounds "11"]
[EventCountry "USA"]
[SourceTitle "CB08_2025"]
[SourceDate "2025.02.19"]
[SourceVersion "1"]
[SourceVersionDate "2025.02.19"]
[SourceQuality "1"]

1. d4 g6 2. e4 Nf6 3. Nc3 d5 4. e5 Ne4 5. Nge2 Nxc3 6. Nxc3 c6 7. h4 h5 8. Bg5 Bf5 9. f3 Bg7 10. Qd2 Nd7 11. Be2 b5 12. g4 Be6 13. gxh5 Rxh5 14. Bd3 Nb6 15. b3 Qd7 16. Ne2 a5 17. Nf4 Rh8 18. h5 Bf5 19. Kf2 Bxd3 20. Qxd3 Qf5 21. Qxf5 gxf5 22. h6 Bf8 23. h7 a4 24. b4 a3 25. Rag1 Nc4 26. c3 Nb2 27. Ke2 Na4 28. Kd2 Ra6 29. Bxe7 Kxe7 30. Rg8 Rxh7 31. Rxh7 Nb2 32. Ng6+ 1-0

[Event "Titled Tuesday intern op 11th Feb Early"]
[Site "Chess.com INT"]
[Date "2025.02.11"]
[Round "5"]
[White "Hungaski, Robert Andrew"]
[Black "Garv, Gaur"]
[Result "1-0"]
[WhiteElo "2477"]
[BlackElo "2374"]
[PlyCount "77"]
[EventDate "2025.02.11"]
[EventType "swiss (blitz)"]
[EventRounds "11"]
[EventCountry "USA"]
[SourceTitle "CB08_2025"]
[SourceDate "2025.02.19"]
[SourceVersion "1"]
[SourceVersionDate "2025.02.19"]
[SourceQuality "1"]

1. h3 d5 2. e3 e5 3. d4 e4 4. c4 c6 5. Bd2 Nf6 6. Qb3 Bd6 7. Bb4 0-0 8. Bxd6 Qxd6 9. Nd2 a5 10. c5 Qe7 11. Qa4 Be6 12. Ne2 Nbd7 13. Nc3 b5 14. Qc2 g6 15. Be2 Kg7 16. a3 Ne8 17. h4 h6 18. Qb1 f5 19. g3 Nef6 20. b4 a4 21. Kd1 Ng4 22. Ke1 g5 23. Nd1 f4 24. hxg5 hxg5 25. gxf4 gxf4 26. Bxg4 Bxg4 27. Rg1 Qh4 28. Nxe4 dxe4 29. Qxe4 Rae8 30. Qxc6 Kh8 31. Rh1 Bh3 32. Qxd7 fxe3 33. Rxh3 exf2+ 34. Kd2 Re2+ 35. Kc3 Qxh3+ 36. Qxh3+ Kg8 37. Qg3+ Kh8 38. Nxf2 Rfxf2 39. Rh1+ 1-0

[Event "Titled Tuesday intern op 11th Feb Early"]
[Site "Chess.com INT"]
[Date "2025.02.11"]
[Round "11"]
[White "Hungaski, Robert Andrew"]
[Black "Morales, Carlos1"]
[Result "1-0"]
[WhiteElo "2477"]
[BlackElo "2157"]
[PlyCount "61"]
[EventDate "2025.02.11"]
[EventType "swiss (blitz)"]
[EventRounds "11"]
[EventCountry "USA"]
[SourceTitle "CB09_2025"]
[SourceDate "2025.02.27"]
[SourceVersion "1"]
[SourceVersionDate "2025.02.27"]
[SourceQuality "1"]

1. h3 h6 2. e3 e6 3. c4 Nf6 4. b3 d5 5. Bb2 a5 6. Nc3 Be7 7. Nf3 b6 8. Qc2 dxc4 9. bxc4 Bb7 10. Be2 Nbd7 11. 0-0 g5 12. Nb5 Rg8 13. Ne5 h5 14. Bf3 Bxf3 15. gxf3 g4 16. hxg4 hxg4 17. f4 Nc5 18. d3 Qc8 19. Ba3 Qb7 20. Bxc5 Bxc5 21. d4 Be7 22. d5 g3 23. f3 Bc5 24. Rae1 exd5 25. Qf5 Be7 26. cxd5 Rd8 27. Rc1 Kf8 28. Nxc7 Rc8 29. Ne6+ fxe6 30. Qxe6 Rxc1 31. Qf7# 1-0

[Event "Titled Tuesday intern op 11th Feb Early"]
[Site "Chess.com INT"]
[Date "2025.02.11"]
[Round "10"]
[White "Torres, Yelfry"]
[Black "Hungaski, Robert Andrew"]
[Result "1-0"]
[WhiteElo "2016"]
[BlackElo "2477"]
[PlyCount "63"]
[EventDate "2025.02.11"]
[EventType "swiss (blitz)"]
[EventRounds "11"]
[EventCountry "USA"]
[SourceTitle "CB09_2025"]
[SourceDate "2025.02.27"]
[SourceVersion "1"]
[SourceVersionDate "2025.02.27"]
[SourceQuality "1"]

1. c4 g6 2. Nc3 Bg7 3. g3 c5 4. Bg2 Nc6 5. Nf3 d6 6. Rb1 Qd7 7. d3 b6 8. Bd2 Bb7 9. a3 e6 10. 0-0 Nge7 11. b4 0-0 12. e3 Rac8 13. Qe2 Rfd8 14. b5 Na5 15. Rfd1 d5 16. Na4 e5 17. Bxa5 bxa5 18. cxd5 Nxd5 19. Nd2 h5 20. Nc4 Ba8 21. Nxa5 h4 22. Rdc1 h3 23. Bf1 Bf8 24. b6 Qxa4 25. b7 Qxa5 26. bxc8Q Rxc8 27. Bxh3 Rd8 28. Bg2 Qxa3 29. Ra1 Qb4 30. Rxa7 Nc3 31. Qc2 Bxg2 32. Kxg2 1-0

[Event "Titled Tuesday intern op 04th Feb Early"]
[Site "Chess.com INT"]
[Date "2025.02.04"]
[Round "2"]
[White "Dubreuil, Julien"]
[Black "Hungaski, Robert Andrew"]
[Result "1-0"]
[WhiteElo "2091"]
[BlackElo "2477"]
[PlyCount "117"]
[EventDate "2025.02.04"]
[EventType "swiss (blitz)"]
[EventRounds "11"]
[EventCountry "USA"]
[SourceTitle "CB07_2025"]
[SourceDate "2025.02.12"]
[SourceVersion "1"]
[SourceVersionDate "2025.02.12"]
[SourceQuality "1"]

1. Nf3 g6 2. c4 Bg7 3. Nc3 d6 4. d4 e5 5. g3 Nd7 6. Bg2 Ngf6 7. 0-0 0-0 8. Rb1 Re8 9. e3 c6 10. b3 e4 11. Nd2 d5 12. cxd5 cxd5 13. Nb5 Re6 14. Ba3 Nb8 15. Rc1 Rc6 16. Qe2 a6 17. Rxc6 bxc6 18. Nd6 Bg4 19. f3 exf3 20. Bxf3 Bxf3 21. Qxf3 Qa5 22. Ne8 Nbd7 23. Nxf6+ Nxf6 24. Be7 Qxd2 25. Bxf6 Bxf6 26. Qxf6 Qxe3+ 27. Kg2 Rf8 28. Qxc6 Qxd4 29. Qxa6 Qe4+ 30. Kg1 d4 31. Qd6 Qe3+ 32. Rf2 Rc8 33. Qf4 Rc1+ 34. Kg2 Qxf4 35. Rxf4 Rc2+ 36. Kf3 Rxh2 37. a4 Rb2 38. Rxd4 Rxb3+ 39. Kf4 Ra3 40. g4 h6 41. Ke5 Kg7 42. Kd5 Kf6 43. Kc5 Kg5 44. Kb5 Rb3+ 45. Rb4 Re3 46. a5 Re8 47. a6 Ra8 48. Ra4 h5 49. gxh5 Kxh5 50. Kb6 f5 51. Kb7 Rf8 52. a7 g5 53. a8Q Rxa8 54. Rxa8 f4 55. Kc6 Kg4 56. Kd5 f3 57. Ke4 f2 58. Rf8 Kg3 59. Ke3 1-0

[Event "Titled Tuesday intern op 04th Feb Early"]
[Site "Chess.com INT"]
[Date "2025.02.04"]
[Round "3"]
[White "Hungaski, Robert Andrew"]
[Black "Baylav, Can"]
[Result "1-0"]
[WhiteElo "2477"]
[BlackElo "2056"]
[PlyCount "77"]
[EventDate "2025.02.04"]
[EventType "swiss (blitz)"]
[EventRounds "11"]
[EventCountry "USA"]
[SourceTitle "CB07_2025"]
[SourceDate "2025.02.12"]
[SourceVersion "1"]
[SourceVersionDate "2025.02.12"]
[SourceQuality "1"]

1. h3 h6 2. e3 d5 3. Nf3 Nf6 4. c4 c6 5. Nc3 Bf5 6. cxd5 cxd5 7. Qb3 Qb6 8. Nxd5 Qxb3 9. Nxf6+ exf6 10. axb3 Nc6 11. Bb5 Be7 12. Nd4 Bd7 13. Nxc6 bxc6 14. Bc4 0-0 15. d4 Rfb8 16. Bd2 Be6 17. Bc3 Bb4 18. Kd2 Kf8 19. Ra6 Bxc3+ 20. Kxc3 Rb6 21. Rha1 Rxa6 22. Rxa6 Bd7 23. Kb4 Ke7 24. Kc5 g5 25. b4 h5 26. b5 cxb5 27. Bxb5 Rc8+ 28. Bc6 Bxc6 29. Rxc6 Rb8 30. b4 Rb7 31. b5 h4 32. e4 Rd7 33. d5 Rb7 34. g3 hxg3 35. fxg3 Rd7 36. h4 g4 37. h5 Rb7 38. h6 Rd7 39. Rc8 1-0